Ανάλυση τροφίμων : θεωρία μεθοδολογίας - οργανολογίας και εργαστηριακές ασκήσεις
Αποθηκεύτηκε σε:
| Κύριος συγγραφέας: | |
|---|---|
| Μορφή: | Βιβλίο |
| Γλώσσα: | Greek |
| Δημοσίευση: |
[X.τ.] :
Ν. Ανδρικόπουλος,
c2015.
|
| Έκδοση: | 2η έκδ. |
| Θέματα: | |
| Ετικέτες: |
Προσθήκη ετικέτας
Δεν υπάρχουν, Καταχωρήστε ετικέτα πρώτοι!
|
MARC
| LEADER | 00000nam a2200000 i 4500 | ||
|---|---|---|---|
| 001 | 1/114876 | ||
| 008 | 170912s2015####gr |||||||||| ||gre|| | ||
| 020 | |a 9789608737198 |q (χαρτόδετο) | ||
| 040 | |a GR-MY-UA |b gre |e aacr | ||
| 041 | 0 | |a gre | |
| 082 | 0 | |a 664 |2 (22) | |
| 100 | 1 | |a Ανδρικόπουλος, Νικόλαος Κ., |d 1945- | |
| 245 | 1 | 0 | |a Ανάλυση τροφίμων : |b θεωρία μεθοδολογίας - οργανολογίας και εργαστηριακές ασκήσεις / |c Νικόλαος Κ. Ανδρικόπουλος. |
| 250 | |a 2η έκδ. | ||
| 260 | |a [X.τ.] : |b Ν. Ανδρικόπουλος, |c c2015. | ||
| 300 | |a 464 σ.; |b σχεδ., πίν.; |c 24 εκ. | ||
| 650 | 0 | 0 | |a Food |x Analysis. |
| 852 | |a INST |b LEMNOS |c EUDOXUS |e 20190524 |h 664 ΑΝΔ |p 005600002535 |q 005600002535 |t BK |y 0 | ||
| 852 | |a INST |b LEMNOS |c EUDOXUS |e 20170912 |h 664 ΑΝΔ |p 005600002676 |q 005600002676 |t BK |y 0 | ||
| 920 | |a Εύδοξος |b Παραγγελία |y Λήμνος-ΤΕΤΔ |z 2017-01 | ||
| 920 | |a Εύδοξος |b Παραγγελία |y Λήμνος-ΤΕΤΔ |z 2018-05 | ||
| 970 | |a Πανταζή |b Αντωνία |z 12/09/2017 | ||